000 01116nam a22002777a 4500
001 BR8306529
003 BR-BrBNA
005 20230928091830.0
007 ta
008 230509b bl.||||| |||| 00| 0 por d
040 _aBR-BrBNA
_bpor
_cBiblioteca Nacional de Agricultura
041 _a(Por)
072 _aC20
_b/G514
090 _ C20 BR8306529
110 1 _aAssociacao de Credito e Assistencia Rural de Santa Catarina, Florianopolis (Brasil);
110 1 _aEmpresa de Assistencia Tecnica e Extensao Rural do Estado de Santa Catarina, Florianopolis (Brasil)
_94031
245 1 _aAssistencia tecnica e extensao rural, contribuicao para adequar a acao da EMATER/ACARESC ao programa do governo Esperidiao Amin - carta dos catarinenses 1983-1987 [Brasil]
260 3 _aFlorianopolis, SC (Brasil):
_c1983.
300 _a32 p.
500 _a(*) Documento disponível no(a) Associacao de Credito e Assistencia Rural de Santa Catarina, Florianopolis (Brazil)
650 _aEXTENSAO RURAL
650 _aASSISTENCIA TECNICA
650 _aSANTA CATARINA
909 _a202309
_bLucia
_c55
_dLucia Elande
942 _cBK
999 _c35773
_d35773